000 00672nam a2200241Ia 4500
003 OSt
005 20221005100426.0
006 a|||||r|||| 00| 0
007 ta
008 221004b |||||||| |||| 00| 0 eng d
024 _a63724
037 _cTextual
040 _aCRL
_cCRL
_beng
041 _2eng
_aeng
082 _aX.2.N7, L9
100 _aGujral M L
245 0 _aEconomic failures of Nehru and Indira Gandhi
_b A study of 3 decades of deprivation and disillusionment .
260 _aSahibabad
_bVikas
_c1979
300 _a255p
_ccm.
650 _aECONOMICS
942 _hX.2.N7, L9
_cTEXL
_2cc
999 _c1005205
_d1005205